| 000 -LEADER |
| fixed length control field |
01346cam a2200337 a 4500 |
| 001 - CONTROL NUMBER |
| control field |
3369854 |
| 003 - CONTROL NUMBER IDENTIFIER |
| control field |
NUST |
| 005 - DATE AND TIME OF LATEST TRANSACTION |
| control field |
20190926154831.0 |
| 008 - FIXED-LENGTH DATA ELEMENTS--GENERAL INFORMATION |
| fixed length control field |
870603s1987 dcua b 000 0 eng |
| 010 ## - LIBRARY OF CONGRESS CONTROL NUMBER |
| LC control number |
87050686 |
| 020 ## - INTERNATIONAL STANDARD BOOK NUMBER |
| International Standard Book Number |
030904412X (pbk.) : |
| Terms of availability |
$7.60 |
| 038 ## - RECORD CONTENT LICENSOR |
| Staff Name |
MSOHAIL |
| 040 ## - CATALOGING SOURCE |
| Original cataloging agency |
DLC |
| Transcribing agency |
DLC |
| Modifying agency |
DLC |
| 050 00 - LIBRARY OF CONGRESS CALL NUMBER |
| Classification number |
TE278 |
| Item number |
.S36 1987 |
| 082 00 - DEWEY DECIMAL CLASSIFICATION NUMBER |
| Classification number |
625.84 |
| Edition number |
19 |
| 100 1# - MAIN ENTRY--PERSONAL NAME |
| Personal name |
Schwartz, Donald R. |
| 9 (RLIN) |
21692 |
| 245 10 - TITLE STATEMENT |
| Title |
D-cracking of concrete pavements / |
| Statement of responsibility, etc. |
Donald R. Schwartz ; topic panel, Bernard Brown ... [et al.]. |
| 260 ## - PUBLICATION, DISTRIBUTION, ETC. |
| Place of publication, distribution, etc. |
Washington, D.C. : |
| Name of publisher, distributor, etc. |
Transportation Research Board, National Research Council, |
| Date of publication, distribution, etc. |
[1987] |
| 300 ## - PHYSICAL DESCRIPTION |
| Extent |
34 p. : |
| Other physical details |
ill. ; |
| Dimensions |
28 cm. |
| 490 1# - SERIES STATEMENT |
| Series statement |
Synthesis of highway practice / National Cooperative Highway Research Program, |
| International Standard Serial Number |
0547-5570 ; |
| Volume/sequential designation |
134 |
| 500 ## - GENERAL NOTE |
| General note |
"October 1987." |
| 500 ## - GENERAL NOTE |
| General note |
"Project 20-5 FY 1985 (Topic 17-08)"--T.p. verso |
| 504 ## - BIBLIOGRAPHY, ETC. NOTE |
| Bibliography, etc. note |
Bibliography: p. 33-34. |
| 650 #0 - SUBJECT ADDED ENTRY--TOPICAL TERM |
| Topical term or geographic name entry element |
Pavements, Reinforced concrete |
| General subdivision |
Cracking. |
| 9 (RLIN) |
21352 |
| 700 1# - ADDED ENTRY--PERSONAL NAME |
| Personal name |
Brown, Bernard C., |
| Dates associated with a name |
1934- |
| 9 (RLIN) |
21693 |
| 710 2# - ADDED ENTRY--CORPORATE NAME |
| Corporate name or jurisdiction name as entry element |
National Research Council (U.S.). |
| Subordinate unit |
Transportation Research Board. |
| 9 (RLIN) |
19676 |
| 830 #0 - SERIES ADDED ENTRY--UNIFORM TITLE |
| Uniform title |
Synthesis of highway practice ; |
| Volume/sequential designation |
134. |
| 9 (RLIN) |
21694 |
| 906 ## - LOCAL DATA ELEMENT F, LDF (RLIN) |
| a |
7 |
| b |
cbc |
| c |
orignew |
| d |
2 |
| e |
ocip |
| f |
19 |
| g |
y-gencatlg |
| 942 ## - ADDED ENTRY ELEMENTS (KOHA) |
| Source of classification or shelving scheme |
|
| Koha item type |
Book |